Statistics for Hybrid Flags # 2

Click here to take the quiz!

General Stats

  • This quiz has been taken 7 times
  • The average score is 13 of 15

Answer Stats

Answer % Correct
Bangladesh italy
100%
Belgium Algeria
100%
Brazil Poland
100%
Canada Switzerland
100%
Denmark Finland
100%
Spain Mexico
100%
Slovenia Germany
100%
Uruguay Argentina
100%
Croatia Serbia
100%
Australia Lithuania
86%
Turkey Belgium
86%
Colombia Venezuela
86%
France Mauritius
71%
Botswana Bolivia
57%
Chile Bolivia
57%

Score Distribution

Percentile by Number Answered

Percent of People with Each Score

Your Score History

You have not taken this quiz